000 00509nam a22001697a 4500
005 20231101131729.0
008 231101b |||||||| |||| 00| 0 eng d
020 _a0620108614
041 _aEnglish
082 _a346.7 HON
100 _aHoney, DP
_lEnglish
245 _aMVA Practice under Act 84 of 1986 /
_cDP Honey
260 _aPretoria :
_bJoan Lotter Publications,
_c1987
300 _bxxvii, 400 pages ;
_c25,5 cm.
650 _aLegal practice
_bLaw
942 _cBK
_6ALISON_BN_VRIES
999 _c223
_d223